1765 1392 1720 1953 1286 1759 1661 1104 1788 1872 1253 1231 1017 1498 1094 1035 1594 1921 1970 1937 1339 1788 1677 1599 1602 1810 1265 1612 1140 1492 1293 1093 1956 1200 1887 1181 1834 1226 1863 1975 1295 1319 1826 1842 1039 1201 1862 1220 1309 1744 1559 1422 1895 1903 1473 1220 1662 1327 1470 1454 1503 1843 1951 1182 1483 1456 1851 1434 1526 1501 1214 1767 1260 1363 1263 1239 1472 1130 1144 1682 1239 1670 1015 1834 1441 1541 1056 1531 1402 1046 1711 1431 1369 1605 1875 1141 1424 1202 1916 BCNSPRNW ULIB Ver.6.0+V

เปลี่ยนเป็นภาษาไทย

Change to English
 แสดงรายละเอียดบรรณานุกรม
  กลับหน้าหลัก

Brief Record : Get Marc (ISO 2709) : E-mail record : QR code < ปิดหน้าต่าง
LEADER : 00000nam 2200000uu 4500
001    13399125983
003     ULIB
008    171201s2560||||th 000 0 tha d
020    ^a9786164296312
050    ^aLB2832.4.T5^bน674จ
100    ^aนิวัตต์ น้อยมณี และ กัญภร เอี่ยมพญา.
245    ^aจิตวิญญาณครู/^cนิวัตต์ น้อยมณี และ กัญภร เอี่ยมพญา.
260    ^aนนทบุรี :^b21 เซ็นจูรี่,^c2560
300    ^a329 หน้า;^b^c21 ซม.
650    ^aครู
650  0 ^aครู-จิตวิญญาณ
945    ^p180^l0^i25709
999    ^aกัณชพร จุลอักษร
รายการนี้ยังไม่มีแท็ก
คุณยังไม่ได้ล็อกอิน คุณสามารถมีกิจกรรมร่วมกับเว็บไซต์ได้ แต่ต้องล็อกอินก่อน ::
  ล็อกอิน

รายการสื่อสารสนเทศ

ลำดับที่ ประเภท เลขเรียก/บาร์โค้ด สถานที่ สถานะ
1. วิทยาศาสตร์การแพทย์ และสุขภาพ
วิทยาศาสตร์การแพทย์ และสุขภาพ
LB2832.4.T5 น674จ ฉ.1 
  Barcode: 25709
ห้องสมุดวิทยาเขตนครสวรรค์
►หนังสือทั่วไป:l:General Books
บนชั้น

รายการใกล้เคียง
    หัวเรื่อง [ครู]
    หัวเรื่อง [ครู-จิตวิญญาณ]

BibComment


ยังไม่เคยถูกคอมเมนท์

คอมเมนท์ทรัพยากรรายการนี้
  คอมเมนท์: จิตวิญญาณครู นิว..


 Copyright 2026. Bcnsprnw @Library